| 000 | 00620nam a22002057a 4500 | ||
|---|---|---|---|
| 942 | _cBK | ||
| 999 |
_c626 _d626 |
||
| 005 | 20250420134819.0 | ||
| 008 | 200813b ||||| |||| 00| 0 eng d | ||
| 020 | _a9780684863740 | ||
| 040 | _cKCST | ||
| 082 |
_a330.1552 _bWi Ec |
||
| 100 |
_aWilliamson, Oliver E. _95116 |
||
| 245 |
_aThe economic institutions of capitalism : _bfirms, markets, relational contracting / _cOliver E Williamson |
||
| 260 |
_aNew York: _bThe Free Press/Macmillan Inc. _c1985. |
||
| 300 | _a450 p. | ||
| 650 |
_aOrganization _91723 |
||
| 650 |
_aCompanies _95117 |
||
| 650 |
_aInstitutional economics _95118 |
||
| 942 | _2ddc | ||